[Event "Nikaia op 16th"]
[Site "Nikaia"]
[Date "2008.08.29"]
[Round "5"]
[White "Kapogiannatos, Angelos"]
[Black "Dobrev, Nanko"]
[Result "0-1"]
[WhiteElo "2001"]
[BlackElo "2423"]
[PlyCount "70"]
[EventDate "2008.08.25"]
[EventType "swiss"]
[EventRounds "9"]
[EventCountry "GRE"]
[SourceTitle "CBM 126 Extra"]
[Source "ChessBase"]
[SourceDate "2008.11.05"]
[SourceVersion "1"]
[SourceVersionDate "2008.11.05"]
[SourceQuality "1"]

1. e4 Nf6 2. Nc3 e5 3. Nf3 Nc6 4. Bb5 Bb4 5. d3 d6 6. 0-0 0-0 7. Bg5 Bxc3 8. bxc3 Qe7 9. Re1 Bg4 10. d4 h6 11. Bh4 g5 12. Bg3 Nd7 13. h3 Bh5 14. Qd3 Rad8 15. Rab1 Nb6 16. Nh2 Bg6 17. Ng4 Kg7 18. Ne3 f6 19. Nf5+ Bxf5 20. exf5 Qf7 21. Qf3 Na5 22. Bd3 c6 23. h4 Rfe8 24. a3 Nac4 25. Ra1 Re7 26. a4 e4 27. Qe2 Rde8 28. Bxc4 Nxc4 29. a5 e3 30. a6 exf2+ 31. Qxf2 Rxe1+ 32. Rxe1 Rxe1+ 33. Qxe1 bxa6 34. hxg5 hxg5 35. Kf2 a5 0-1

[Event "Ambelokipi op 55th"]
[Site "Athens"]
[Date "2004.??.??"]
[Round "?"]
[White "Koliopoulos, Konstantinos"]
[Black "Kapogiannatos, Angelos"]
[Result "1-0"]
[WhiteElo "2155"]
[BlackElo "2065"]
[PlyCount "94"]
[EventDate "2004.10.18"]
[EventType "swiss"]
[EventRounds "9"]
[EventCountry "GRE"]
[SourceTitle "EXT 2007"]
[Source "ChessBase"]
[SourceDate "2006.11.23"]
[SourceVersion "1"]
[SourceVersionDate "2006.11.23"]
[SourceQuality "1"]

1. d4 Nf6 2. c4 c5 3. d5 b5 4. Nf3 g6 5. cxb5 a6 6. Qc2 d6 7. e4 Bg7 8. Nc3 0-0 9. a4 axb5 10. Bxb5 Na6 11. 0-0 Nb4 12. Qe2 Ne8 13. Rd1 Nc7 14. Bc4 Ba6 15. Bf4 Bxc4 16. Qxc4 Nc2 17. Rac1 Nd4 18. Nxd4 Bxd4 19. b4 e5 20. bxc5 Bxc5 21. Bxe5 Bxf2+ 22. Kxf2 dxe5 23. Ne2 Qh4+ 24. Kg1 Rfc8 25. d6 Ne6 26. Qxc8+ Rxc8 27. Rxc8+ Kg7 28. d7 Nd8 29. Nc3 f5 30. Rxd8 Qxd8 31. Nb5 fxe4 32. Kf1 h5 33. Na7 e3 34. Ke2 Qg5 35. d8Q Qxg2+ 36. Kxe3 Qh3+ 37. Kd2 Qxh2+ 38. Kc3 h4 39. Qd7+ Kh8 40. Nb5 Qf4 41. Qe7 Qe3+ 42. Rd3 Qe1+ 43. Kb3 Qb1+ 44. Kc4 Qa2+ 45. Kc5 Qc2+ 46. Rc3 Qxa4 47. Qxe5+ Kh7 1-0